000 00727nam a2200265 i 4500
001 C2-0141573
003 PPAK
005 20180727125300.0
008 980104s1993 enka|||| ||||| | eng d
020 _a0140347615
040 _aPPAK
_beng
_cPPAK
_erda
082 0 4 _a823
_223
090 0 0 _a823
_bWAD
_dK
100 1 _aWaddell, Martin,
_eauthor
245 1 4 _aThe ghost family Robinson at the seaside
264 1 _aLondon :
_bPuffin Books ,
_c1993
300 _a80 pages :
_billustrations ;
_c19 cm
336 _2rdacontent
_atext
337 _2rdamedia
_aunmediated
338 _2rdacarrier
_avolume
490 1 _aA young Puffin
650 1 0 _aChildren's stories, English
830 0 _aA young Puffin
942 _ddc
_cB
999 _c44199
_d44199